000 00504nam a2200193Ia 4500
003 GCL
008 140319s9999 xx 000 0 eng d
040 _aGCL /
_cGCL
082 0 4 _a771
_bE C
100 1 _aADUARDS, MARK
245 1 0 _aTHE COMPLETE ENCYCLOPEDIA OF PHOTOGRAPHY /
_cADUARDS, MARK
260 _a[S.N] :
_bMULTIMEDIA BOOKS ITD ،
_c1994
300 _a192
650 0 4 _aPHOTOCHEMISTRY
650 0 4 _aPASK ROOM PHOTOGRAPHY
650 0 4 _aTECHNIQUE
650 0 4 _aPASK ROOM
942 _2ddc
_cBK
999 _c25663
_d25663